| 000 | 00384 a2200169 4500 | ||
|---|---|---|---|
| 001 | 156774 | ||
| 020 | _a9788526296329 | ||
| 040 | _cEscola São Tomás de Aquino | ||
| 100 | _aMURRAY, Roseana | ||
| 240 | 1 | 0 |
_aO traço e a traça _lpor |
| 245 | 1 | 0 | _aO traço e a traça |
| 300 | _a32 p. | ||
| 362 | 0 | _a2015 | |
| 440 | 1 | _aScipione | |
| 697 | _a*LITERATURA INFANTIL | ||
| 942 | _cBK | ||
| 999 |
_c156774 _d156774 |
||